| 000 -LEADER |
| fixed length control field |
00585cam a22002411 4500 |
| 001 - CONTROL NUMBER |
| control field |
7983921 |
| 005 - DATE AND TIME OF LATEST TRANSACTION |
| control field |
20171226082125.0 |
| 008 - FIXED-LENGTH DATA ELEMENTS--GENERAL INFORMATION |
| fixed length control field |
720829s1964 nyu b 000 0 eng |
| 010 ## - LIBRARY OF CONGRESS CONTROL NUMBER |
| LC control number |
64005431 |
| 035 ## - SYSTEM CONTROL NUMBER |
| System control number |
(OCoLC)394288 |
| 040 ## - CATALOGING SOURCE |
| Original cataloging agency |
DLC |
| Transcribing agency |
OYU |
| Modifying agency |
OCoLC |
| -- |
DLC |
| 041 ## - LANGUAGE CODE |
| Language code of text/sound track or separate title |
eng |
| 042 ## - AUTHENTICATION CODE |
| Authentication code |
premarc |
| 080 ## - UNIVERSAL DECIMAL CLASSIFICATION NUMBER |
| Universal Decimal Classification number |
159.9 |
| 082 ## - DEWEY DECIMAL CLASSIFICATION NUMBER |
| Classification number |
159.9 |
| 100 ## - Rafti |
| Rafti |
48 |
| 101 ## - Shkurtesa |
| Shkurtesa |
PSI |
| 245 00 - TITLE STATEMENT |
| Title |
Report. |
| 504 ## - BIBLIOGRAPHY, ETC. NOTE |
| Bibliography, etc |
Bibliography: p. 45-47. |
| 740 0# - ADDED ENTRY--UNCONTROLLED RELATED/ANALYTICAL TITLE |
| Uncontrolled related/analytical title |
Group treatment in family service agencies. |
| 906 ## - LOCAL DATA ELEMENT F, LDF (RLIN) |
| a |
7 |
| b |
cbc |
| c |
oclcrpl |
| d |
u |
| e |
ncip |
| f |
19 |
| g |
y-gencatlg |
| 942 ## - ADDED ENTRY ELEMENTS (KOHA) |
| Source of classification or shelving scheme |
|
| Item type |
Books |